Pokémon - Attacken von Stahlos in PLA - Statistiken

Allgemein
  • Dieses Quiz wurde 3 mal gespielt
  • Das Durchschnittsergebnis liegt bei 14 aus 23
Antwortstatistiken
Antwort % Korrekt
Eisenschweif
100%
Erholung
100%
Gigastoß
100%
Hyperstrahl
100%
Steinhagel
100%
Dampfwalze
67%
Donnerzahn
67%
Eisenschädel
67%
Eiszahn
67%
Erdkräfte
67%
Feuerzahn
67%
Lichtkanone
67%
Nassschweif
67%
Tackle
67%
Tarnsteine
67%
Finsteraura
33%
Frostbeule
33%
Kraftwechsel
33%
Pferdestärke
33%
Stahlstrahl
33%
Steinkante
33%
Walzer
33%
Zertrümmerer
33%
Keine übereinstimmenden Quizze gefunden
Verteilung der Resultate
Anzahl Personen mit jedem Resultat
Perzentil nach korrekt beantworteten Fragen
Ihre Resultats-Entwicklung
Sie haben dieses Quiz noch nicht gespielt